Science Quiz

Random Science or Biology Quiz

Label the Flower Quiz Stats

 Plays Quiz Updated May 19, 2015

Also try: Birth Flowers
Challenge
Share
Tweet
Score 0/13 Timer 02:00
2 Plays Today
% Correct
Petal
87.4%
Stamen
77%
Peduncle
74.9%
Ovary
61.9%
Carpel
59.4%
Anther
58%
Stigma
55.3%
Sepal
51.9%
Ovule
49.2%
Filament
48.5%
Style
47.1%
Pollen Tube
30.8%
Receptacle
28.5%

You're not logged in!

Compare scores with friends on all Sporcle quizzes.
OR
Log In

You Might Also Like...

Show Comments

Extras

Top Quizzes Today


Score Distribution

Your Account Isn't Verified!

In order to create a playlist on Sporcle, you need to verify the email address you used during registration. Go to your Sporcle Settings to finish the process.

Report this User

Report this user for behavior that violates our Community Guidelines.

Details: